| 000 | 00599nam a2200217 4500 | ||
|---|---|---|---|
| 003 | OSt | ||
| 005 | 20260530115316.0 | ||
| 008 | 260506b1971 sp ||||| |||| 00| 0 spa d | ||
| 040 |
_aICI _bspa _cICI _erda |
||
| 041 | _aspa | ||
| 050 |
_aHD6955 _bM62 |
||
| 100 |
_aMoore, Wilbert Ellis _eautor _933752 |
||
| 245 | _aEl impacto de la industria. | ||
| 264 | 1 |
_aBarcelona : _bEditorial Labor, _c1971 |
|
| 300 | _a159 páginas | ||
| 336 |
_2rdacontent _atexto |
||
| 337 |
_2rdamedia _asin medio |
||
| 338 |
_2rdacarrier _avolumen |
||
| 650 | 4 |
_aIndustria _xAspectos sociales _933753 |
|
| 942 |
_2lcc _n1 _cBK |
||
| 999 |
_c13606 _d13606 |
||